Statistics for Country with the most French People

Click here to take the quiz!

General Stats

  • This quiz has been taken 32 times
  • The average score is 9 of 14

Answer Stats

NumbersCountry% Correct
67 413 000France
100%
7 167 000Canada
90%
122 000Spain
90%
10 329 000United-States
87%
159 000Switzerland
84%
300 000United-Kingdom
84%
123 000Belgium
81%
118 000Australia
65%
1 000 000Brazil
65%
6 000 000Argentina
52%
80 000Morocco
42%
800 000Chile
39%
52 390Israel
26%
124 000Madagascar
13%

Score Distribution

Percentile by Number Answered

Percent of People with Each Score

Your Score History

You have not taken this quiz